000 00804nam a2200241Ia 4500
001 15667
003 GE_BSU
008 181216s||||||||xx |||||||||||||| ||und||
040 _cGE_BSU
080 _a821.353.1-32
100 _aციციშვილი, გიორგი
245 _aსძლიე სიხარბესა შენსა
245 _bმოთხრობები
245 _cრედ.ნ.ხომერიკი. მხატვ.თ.სამსონაძე
260 _aთბილისი
260 _bმერანი
260 _c1978
300 _a510გვ. ; 20სმ
653 _aმოთხრობები
653 _aსძლიე სიხარბესა შენსა
653 _aტატე პაპა
942 _cBK
999 _c48766
_d48766